[Event "Mittelfranken-ch QT"]
[Site "Nuremberg"]
[Date "2015.04.01"]
[Round "2"]
[White "Dreiseitel, Ursula"]
[Black "Mishurisman, Daniel"]
[Result "1-0"]
[WhiteElo "1483"]
[BlackElo "841"]
[PlyCount "89"]
[EventDate "2015.04.01"]
[EventType "swiss"]
[EventRounds "7"]
[EventCountry "GER"]
[SourceTitle "CBM 166 Extra"]
[Source "ChessBase"]
[SourceDate "2015.06.18"]
[SourceVersion "1"]
[SourceVersionDate "2015.06.18"]
[SourceQuality "1"]

1. d4 d5 2. Nf3 Nc6 3. Bf4 Nf6 4. Nbd2 Bf5 5. e3 e6 6. c4 dxc4 7. Bxc4 Bb4 8. 0-0 0-0 9. Qb3 Bxd2 10. Nxd2 Na5 11. Qb4 b6 12. Be2 Nd5 13. Qa4 Nxf4 14. exf4 Qe8 15. Qd1 Nc6 16. Nb3 Nb4 17. a3 Bc2 18. Qd2 Bxb3 19. Qxb4 Bd5 20. Rac1 c6 21. Rfe1 a5 22. Qxb6 f6 23. Qc5 Qg6 24. f3 Rfb8 25. Rb1 Rb7 26. Kf2 Qh6 27. Qd6 Qxh2 28. Rh1 Qxh1 29. Rxh1 Rxb2 30. Re1 Rbb8 31. Bd3 Rd8 32. Qc5 Rab8 33. Qxa5 Ra8 34. Qc5 Rf8 35. f5 exf5 36. Bxf5 Rae8 37. Rxe8 Rxe8 38. Bd7 Rf8 39. Bxc6 Bxc6 40. Qxc6 Rd8 41. d5 Rf8 42. Qe6+ Rf7 43. d6 h6 44. d7 h5 45. d8Q+ 1-0